000 01068nam a2200265 i 4500
001 180883
003 ES-MaACL
005 20251009063059.0
008 120806s2011 sp ado |||| | spa d
020 _a978-84-88610-33-1
080 _a004.932 Adobe Photoshop
080 _a77:621.3.037.37
100 1 _aBrau, Gabriel,
_d1957-
_9151239
245 1 0 _aDe la captura de imagen a la impresión fotográfica
_b: una guía para fotógrafos digitales /
_cGabriel Brau Gelabert.
250 _a1ª ed.
260 _aBarcelona :
_bArtual,
_c2011.
300 _a463 p. :
_bil. col. y n., gráf. ;
_c25 cm +
_e1 lám. foto.
505 8 _aContiene: ;
_tLa captura digital ;
_tEl procesado del archivo digital ;
_tEl tratamiento de la imagen digital ;
_tLa copia final
630 0 7 _aAdobe Photoshop (Archivo de ordenador)
_9151240
650 7 _aFotografía digital
_2embne
_9146707
650 7 _aFotografía-
_xTécnica
_2
_9150981
852 _aES-MaACL
_jA-12162
_9187760
_bR.147169
_cDEPO1
_dOlim: N-5167
942 _2udc
_cMONOGRAFIA
999 _c180883
_d180883